Report of the national commission on agriculture 1976 : (Record no. 163489)

MARC details
000 -LEADER
fixed length control field 00359nam a22001217a 4500
003 - CONTROL NUMBER IDENTIFIER
control field OSt
082 ## - DEWEY DECIMAL CLASSIFICATION NUMBER
Classification number 630
Item number GOI/RE
245 ## - TITLE STATEMENT
Title Report of the national commission on agriculture 1976 :
Remainder of title review and progress part.1
260 ## - PUBLICATION, DISTRIBUTION, ETC. (IMPRINT)
Place of publication, distribution, etc New Delhi
Name of publisher, distributor, etc Government of India
-- Ministry of Agriculture and Irrigation
300 ## - PHYSICAL DESCRIPTION
Extent 494p.
546 ## - LANGUAGE
Language note English
942 ## - ADDED ENTRY ELEMENTS (KOHA)
Source of classification or shelving scheme Dewey Decimal Classification
Koha item type Reference Book
Holdings
Lost status Source of classification or shelving scheme Damaged status Not for loan Collection code Home library Current library Shelving location Date acquired Total Checkouts Full call number Barcode Date last seen Koha item type Public note
  Dewey Decimal Classification   Not For Loan Reference Book KAU Central Library, Thrissur KAU Central Library, Thrissur Reference 23/01/2019   630 GOI/RE 906947 23/01/2019 Reference Book Book transferred from CoH Library, Acc.No: G-526
  Dewey Decimal Classification   Not For Loan Reference Book KAU Central Library, Thrissur KAU Central Library, Thrissur Reference 24/01/2019   630 GOI/RE 906955 24/01/2019 Reference Book Book transferred from CoH Library, Acc.No: G 412
  Dewey Decimal Classification     General KAU Central Library, Thrissur KAU Central Library, Thrissur General 10/08/2023   630 GOI/RE 812554 10/08/2023 Books (General)  
Kerala Agricultural University Central Library
Thrissur-(Dt.), Kerala Pin:- 680656, India
Ph : (+91)(487) 2372219
E-mail: librarian@kau.in
Website: http://library.kau.in/